Kraje w Afryce najbardziej wysunięte na północ. - Statystyki

Ogólne statystyki
  • Ten quiz został rozwiązany 125 razy
  • Średni wynik to 7 z 10
Statystyki odpowiedzi
Współrzędne Państwo % Poprawnych
31°36'N Egipt
99%
35°55'N Maroko
98%
37°31'N Tunezja
93%
33°10'N Libia
91%
22°12'N Sudan
79%
25°00'N Mali
73%
23°31'N Niger
60%
37°05'N Algeria
56%
23°26'N Chad
17%
27°19'N Mauritania
13%
Nie znaleziono quizów pasujących do podanych kryteriów
Rozkład punktacji
Procent ludzi z każdym wynikiem
Percentyl według liczby udzielonych odpowiedzi
Twoja historia wyników
Nie rozwiązałeś tego quizu